MARC

Tag First Indicator Second Indicator Subfields
LEADER 00000cam a2200000 a 4500
001 in00000985721
005 20150927182409.0
008 890929s1982 azuab tb s00010 eng d
035 |a (OCoLC)20423078 
035 |9 AEZ3596AM 
040 |a AZS  |c AZS  |d TXA  |d UtOrBLW 
043 |a n-us-az 
049 |a TXAM 
086 |a SEC 1.2:G 35/7  |2 azdocs 
090 |a GB1199.7.A6  |b G47 1982 
100 1 |a White, Don H. 
245 1 0 |a Geothermal development plan.  |p Yuma County /  |c prepared by Don H. White, Larry A. Goldstone. 
264 1 |a Tucson, Ariz. :  |b Dept. of Chemical Engineering, The University of Arizona,  |c [1982] 
300 |a iii, 22 pages :  |b illustrations, maps ;  |c 28 cm. 
336 |a text  |b txt  |2 rdacontent 
337 |a unmediated  |b n  |2 rdamedia 
338 |a volume  |b nc  |2 rdacarrier 
490 1 |a Open-file report (University of Arizona. Bureau of Geology and Mineral Technology) ;  |v 80-8 
500 |a "August, 1982." 
504 |a Includes bibliographical references. 
536 |a U.S. Department of Energy San Francisco office.  |b DE-FC03-80RA50076, Modification no. A-001. 
536 |a Department of Chemical Engineering, University of Arizona.  |b 114-80. 
650 0 |a Geothermal resources  |z Arizona  |z Yuma County. 
650 0 |a Energy development  |z Arizona  |z Yuma County. 
700 1 |a Goldstone, Larry A. 
710 2 |a Arizona Solar Energy Commission. 
710 2 |a Arizona.  |b University.  |b Department of Chemical Engineering. 
710 1 |a United States.  |b Department of Energy.  |b San Francisco Operations Office. 
730 0 |a Evaluation of geothermal energy in Arizona. 
830 0 |a Open-file report (University of Arizona. Bureau of Geology and Mineral Technology) ;  |v 80-8. 
999 |a MARS 
999 f f |s fd1457d0-2a48-3d33-a9b0-db17e0459986  |i e4081746-ed53-36c4-b5c0-d8d88c36c4c2  |t 0 
952 f f |p ric  |a Texas A&M University  |b Rellis Campus  |c Joint Library Facility  |d Remote Storage  |t 0  |e GB1199.7.A6 G47 1982  |h Library of Congress classification  |i unmediated -- volume  |m A14814395896 
998 f f |a GB1199.7.A6 G47 1982  |t 0  |l Remote Storage